Most valuable 23-30 players in football 2026 - Statistics

General Stats
  • This quiz has been taken 66 times
  • The average score is 20 of 25
Answer Stats
Value Nation Club Answer % Correct
€200.00m Norway Manchester City FC Erling Haaland
98%
€200.00m France Real Madrid CF Kylian Mbappé
98%
€150.00m Brazil Real Madrid CF Vinicius Junior
94%
€130.00m France FC Bayern München Michael Olise
90%
€120.00m Sweden Liverpool FC Alexander Isak
86%
€130.00m England Arsenal FC Bukayo Saka
86%
€120.00m England Chelsea FC Cole Palmer
84%
€120.00m Uruguay Real Madrid CF Federico Valverde
84%
€100.00m France Paris Saint-Germain FC Ousmane Dembélé
84%
€85.00m Argentina Liverpool FC Alexis Mac Allister
82%
€100.00m Argentina Atlético de Madrid Julián Alvarez
82%
€80.00m Morocco Paris Saint-Germain FC Achraf Hakimi
80%
€140.00m Spain FC Barcelona Pedri
80%
€80.00m Brazil FC Barcelona Raphinha
80%
€110.00m Portugal Paris Saint-Germain FC Vitinha
80%
€120.00m England Arsenal FC Declan Rice
78%
€85.00m Hungary Liverpool FC Dominik Szoboszlai
78%
€85.00m Argentina FC Internazionale Milano Lautaro Martínez
78%
€110.00m Ecuador Chelsea FC Moisés Caicedo
78%
€80.00m England Manchester City FC Phil Foden
78%
€90.00m France Arsenal FC William Saliba
78%
€85.00m Argentina Chelsea FC Enzo Fernández
76%
€90.00m Georgia Paris Saint-Germain FC Khvicha Kvaratskhelia
76%
€85.00m France Liverpool FC Hugo Ekitiké
74%
€90.00m Netherlands Liverpool FC Ryan Gravenberch
64%
No matching quizzes found
Score Distribution
Percent of People with Each Score
Percentile by Number Answered
Your Score History
You have not taken this quiz